Low-temperature Electrolytes for Aluminium Production

Salvato in:
Dettagli Bibliografici
Autore principale: Kubiňáková, Emília (Autore)
Altri autori: Híveš, Ján (Relatore della tesi)
Natura: Manoscritto Libro
Lingua:slovacco
inglese
Pubblicazione: 2018
Soggetti:
Accesso online:http://is.stuba.sk/zp/portal_zp.pl?podrobnosti=119981
Tags: Aggiungi Tag
Nessun Tag, puoi essere il primo ad aggiungerne!!

MARC

LEADER 00000ntm a22000003a 4500
001 stuzp49076
003 SK-STU
005 20180825210323.1
007 ta
008 150427s2015----xo-----f-mn---000-0-slo-d
040 |a STU  |b slo 
041 0 |a eng 
100 1 |a Kubiňáková, Emília  |u 042120  |k Z2  |4 aut  |U FCHPT Ústav anorganickej chémie, technológie a materiálov  |T FCHPT Oddelenie anorganickej technológie  |X 68621  |U C2120  |Y 111  |7 A00000068621 
242 0 1 |a Nízko-teplotné elektrolyty pre výrobu hliníka  |y slo 
245 1 0 |a Low-temperature Electrolytes for Aluminium Production 
260 |c 2018 
650 4 |a elektrická konduktivita  |2 slo 
650 4 |a výroba hliníka  |2 slo 
650 4 |a elektrochemická impedančná spektroskopia  |2 slo 
650 4 |a nízkoteplotné elektrolyty  |2 slo 
650 4 |a inertné elektródy  |2 slo 
650 4 |a electrical conductivity  |2 eng 
650 4 |a low temperature electrolytes  |2 eng 
650 4 |a aluminium electrolysis  |2 eng 
650 4 |a electrochemical impedance spectroscopy  |2 eng 
650 4 |a inert electrodes  |2 eng 
700 1 |a Híveš, Ján  |u 042000  |k Z1  |4 ths  |U FCHPT Fakulta chemickej a potravinárskej technológie  |T FCHPT Ústav anorganickej chémie, technológie a materiálov  |X 3380  |U C2000  |Y 1  |7 A000003380 
856 4 |u http://is.stuba.sk/zp/portal_zp.pl?podrobnosti=119981